| 000 | 00375nam a2200145Ia 4500 | ||
|---|---|---|---|
| 008 | 210210b1971 xxu||||| |||| 00| 0 eng d | ||
| 082 | _a954 MAJH | ||
| 100 | _aMAJUMDAR (R C). | ||
| 245 | _aHistory of the freedom movemnt in India. 3V.V1. | ||
| 260 |
_aCalcutta _bFirma K L Mukhopadhyay _c1971 |
||
| 300 | _a471 | ||
| 440 | _a1 | ||
| 690 | _aIndian History | ||
| 906 | _a036811 | ||
| 999 |
_c87374 _d87374 |
||